00694nam a2200241 a 4500001001300000003000900013005001700022008004100039020000900080082001600089100001800105245004800123260003800171300000900209500003500218505001000253650002400263700001800287902000800305942000700313952011500320999001700435nice12345678IN_TiNIC20260116013608.0050524s1991 dela grp 000 0 eng  ac7500a297.23bISL aIslam, K Mohd aScene of Death and What Happens After Death aDelhibIslamic Book Servicec1991 a502p aincludes index and biblioraphy2 aIndex aEschatology-Islamic1 aIslam, K Mohd bSRS cBK 001040708StackRoom-aHMIbHMId2007-07-13g75.00l0o297.23 ISLp015243r2007-07-13v75.00w2005-05-24yBK c11594d11594